000 01015nam a2200241Ii 4500
003 JO-AjNU
008 230605s9999||||xx |||||||||||||| ||und||
017 _a2009/9/3961
020 _a978-9957-11-840-2
040 _aJO-AjNU
_bara
_erda
_cJO-AjNU
041 _aara
050 1 4 _aHF5734.5.D87 2010
100 3 _aدرة، عبد الباري ابراهيم,
_eauthor
_928726
245 0 0 _aادارة الاجتماعات: الجوانب السلوكية: منحى نظامي - النظرية والتطبيق =Meeting Management: The Bahavioral Dimension: A System Approach - The Theory and Practice
250 _aط1
264 3 1 _aعمان: دار وائل للنشر والتوزيع، 2010
300 _a428ص
_bيحتوي على ببلوغرافية من ص421-428ص
336 _atext
_btxt
_2rdacontent
337 _aunmediated
_bn
_2rdamedia
338 _avolume
_bnc
_2rdacarrier
490 0 _aسلسلة المدير العربي الفعال؛2
650 4 _aادارة الاجتماعات
_928727
999 _aA11177
_c14745
_d14745